Técnicas de investigación criminalística e investigación forense (Registro nro. 13759)
[ vista simple ]
| 000 -Cabecera | |
|---|---|
| Campo de control de longitud fija | 01162nam a22003857a 4500 |
| 005 - Fecha y hora de la última transacción | |
| Campo de control | 20251003194557.0 |
| 008 - Elementos de longitud fija--Información general | |
| Campo de control de longitud fija | 250407b2020 |||||||| |||| 00| 0 spa d |
| 020 ## - International Standard Book Number | |
| Número Internacional Estándar del Libro (ISBN) | 9786076108079 |
| 041 ## - Idioma | |
| Código de idioma | Español |
| 082 ## - Clasificación Decimal Dewey | |
| Número de clasificación | 363.25 M521t |
| 100 ## - Entrada principal--Autor personal | |
| Nombre personal | Melgoza Infante, Juan Carlos |
| 100 ## - Entrada principal--Autor personal | |
| Nombre personal | López García, Iliana Maritza |
| 100 ## - Entrada principal--Autor personal | |
| Nombre personal | Gómez Flores, Manuel Adolfo |
| 100 ## - Entrada principal--Autor personal | |
| Nombre personal | Noriega Ramírez, Jesús |
| 100 ## - Entrada principal--Autor personal | |
| Nombre personal | Figueroa Ángel, Jose Manuel |
| 245 ## - Título propiamente dicho | |
| Título | Técnicas de investigación criminalística e investigación forense |
| 260 ## - Pie de imprenta | |
| Lugar de publicación, distribución, etc. | México |
| 260 ## - Pie de imprenta | |
| Nombre del editor, distribuidor, etc. | Editorial Flores |
| 260 ## - Pie de imprenta | |
| Fecha de publicación, distribución, etc. | 2020 |
| 300 ## - Descripción física | |
| Extensión | 186 páginas |
| 490 ## - Serie | |
| Título de la Serie | Investigación Criminal |
| 505 ## - Nota de contenido | |
| Nota de contenido | Contiene ilustraciones a blanco y negro |
| 650 ## - Materia general | |
| Temática (materia general) | INVESTIGACIÓN CRIMINALISTICA |
| 650 ## - Materia general | |
| Temática (materia general) | GRAFOSCOPIA |
| 650 ## - Materia general | |
| Temática (materia general) | ANÁLISIS DE PRUEBAS |
| 650 ## - Materia general | |
| Temática (materia general) | ESTUDIO DE TINTAS DE BOLÍGRAFO |
| 650 ## - Materia general | |
| Temática (materia general) | CROMATOGRAFÍA DE CAPA FINA |
| 650 ## - Materia general | |
| Temática (materia general) | PRUEBA DE ADN |
| 650 ## - Materia general | |
| Temática (materia general) | IDENTIFICACIÓN DE CADÁVERES |
| 650 ## - Materia general | |
| Temática (materia general) | IDENTIFICACIÓN FORENSE |
| 650 ## - Materia general | |
| Temática (materia general) | MORFOLOGÍA LABIAL |
| 650 ## - Materia general | |
| Temática (materia general) | ODONTOLOGÍA FORENSE |
| 942 ## - Punto de acceso adicional KOHA | |
| Fuente del sistema de clasificación o colocación | Dewey Decimal Classification |
| Tipo de ítem KOHA | Libro |
| Signatura completa | Código de barras | Programa Académico | Tipo de ítem |
|---|---|---|---|
| 363.25 M521t | 26062 | Investigación Criminal | Libro |
| 363.25 M521t | 26063 | Investigación Criminal | Libro |